Developing energy efficient and zero carbon strategies for eco-towns (Record no. 110369)

MARC details
000 -LEADER
fixed length control field 01277cad a22002295a 4500
001 - CONTROL NUMBER
control field L149088
008 - FIXED-LENGTH DATA ELEMENTS--GENERAL INFORMATION
fixed length control field 100108e2009 xxk f 000 0 eng d
035 ## - SYSTEM CONTROL NUMBER
System control number (Sirsi) u149088
041 0# - LANGUAGE CODE
Language code of text/sound track or separate title eng
050 04 - LIBRARY OF CONGRESS CALL NUMBER
Classification number 333.72 $2 18
110 2# - MAIN ENTRY--CORPORATE NAME
Corporate name or jurisdiction name as entry element Town and Country Planning Association
9 (RLIN) 3022
245 00 - TITLE STATEMENT
Title Developing energy efficient and zero carbon strategies for eco-towns
Remainder of title eco-towns transport worksheet
Medium [electronic resource]
260 ## - PUBLICATION, DISTRIBUTION, ETC.
Place of publication, distribution, etc. London
Name of publisher, distributor, etc. TCPA
Date of publication, distribution, etc. 2009
520 ## - SUMMARY, ETC.
Summary, etc. Develops a zero carbon strategy for eco-towns. Zero carbon goal and scope of emissions covered by the goal, definition of zero carbon, the development of low energy low carbon buildings, design challenges, operational and management challenges and financial aspects are considered. See also "Planning Policy Statement ecotowns: a supplement to Planning Policy Statement 1 (E148059) for definition of zero carbon in the eco-town context.
521 2# - TARGET AUDIENCE NOTE
Target audience note Advanced
590 ## - LOCAL NOTE (RLIN)
Local note KA
651 #4 - SUBJECT ADDED ENTRY--GEOGRAPHIC NAME
Geographic name United Kingdom
Chronological subdivision
690 ## - LOCAL SUBJECT ADDED ENTRY--TOPICAL TERM (OCLC, RLIN)
Topical term or geographic name as entry element ENVIRONMENTAL AND LAND CONSULTANCY-ENERGY-ENERGY USE-ENERGY EFFICIENCY
710 1# - ADDED ENTRY--CORPORATE NAME
Corporate name or jurisdiction name as entry element United Kingdom
Subordinate unit Department for Communities and Local Government
9 (RLIN) 4939
856 40 - ELECTRONIC LOCATION AND ACCESS
Uniform Resource Identifier <a href="https://www.tcpa.org.uk/pages/energy.html">https://www.tcpa.org.uk/pages/energy.html</a>
Public note View the item free of charge at www.tcpa.org.uk...
942 ## - ADDED ENTRY ELEMENTS (KOHA)
Suppress in OPAC 0
Holdings
Withdrawn status Lost status Source of classification or shelving scheme Damaged status Not for loan Home library Current library Shelving location Date acquired Total Checkouts Full call number Barcode Date last seen Copy number Price effective from Koha item type
    Dewey Decimal Classification     Virtual Virtual Online 08/01/2010   ONLINE PUBLICATION 149088-2001 06/08/2019 1 06/08/2019 Book